00429nam a2200169Ia 4500003000400000005001700004008004100021020001500062050002400077100002600101245004300127260003500170300003300205440000600238521000700244526000800251OSt20140314092440.0140130s9999 xx 000 0 und d a0590457160 aPZ 8.3b.C13Ro 1992 aCalmenson, Stephanie  aRoller Skates! /cStephanie Calmenson. bScholastic,c1992.aNew York : a40 p. :bcol. ill. ;c23 cm. v1 aG4 c690